[Event "Portugal Open 2020"]
[Site "Lisboa POR"]
[Date "2020.01.25"]
[Round "1.63"]
[White "Lages, Duarte"]
[Black "Silich, Yahor"]
[Result "0-1"]
[WhiteElo "1548"]
[BlackElo "2158"]
[WhiteFideId "2161680"]
[BlackFideId "13513656"]
[BlackTitle "FM"]
[WhiteCountry "POR"]
[BlackCountry "BLR"]
[PlyCount "62"]
[EventDate "2020.01.25"]

1. d4 Nf6 2. c4 g6 3. Nc3 Bg7 4. e4 d6 5. Be2 O-O 6. Bg5 Nbd7 7. Nf3 e5 8. dxe5
dxe5 9. Qc2 c6 10. Rd1 Qc7 11. Qc1 Nc5 12. Nd2 Ne6 13. Be3 Re8 14. O-O Bf8 15.
a3 a5 16. Na4 Nd4 17. Rfe1 Ng4 18. Bxg4 Bxg4 19. f3 Be6 20. c5 Rad8 21. Nb6 Qe7
22. b4 axb4 23. axb4 Qh4 24. Bf2 Qh5 25. Ndc4 Bh6 26. Qc3 Bxc4 27. Nxc4 Ne2+ 28.
Rxe2 Rxd1+ 29. Be1 Ra8 30. Nd6 Raa1 31. Nxb7 Bd2 0-1

[Event "Portugal Open 2020"]
[Site "Lisboa POR"]
[Date "2020.01.25"]
[Round "1.64"]
[White "Tscharotschkin, Michael"]
[Black "Santos, Ana P"]
[Result "1-0"]
[WhiteElo "2156"]
[BlackElo "1543"]
[WhiteFideId "4619510"]
[BlackFideId "1921550"]
[WhiteCountry "GER"]
[BlackCountry "POR"]
[PlyCount "53"]
[EventDate "2020.01.25"]

1. d4 Nf6 2. Nf3 e6 3. Bf4 d5 4. e3 b6 5. c3 Bd6 6. Bg3 Nh5 7. Nbd2 Qe7 8. Bd3
Nd7 9. e4 c5 10. e5 Bc7 11. Bh4 f6 12. exf6 gxf6 13. g3 Qf7 14. Qa4 a5 15. Bb5
Ba6 16. Bxa6 Rxa6 17. Qc6 Kd8 18. Qb7 Nb8 19. Ne5 Qg7 20. Nc6+ Nxc6 21. Qxa6
cxd4 22. Rc1 Qg4 23. Qa8+ Nb8 24. h3 Qg7 25. cxd4 Kd7 26. g4 Nf4 27. Rxc7+ 1-0

[Event "Portugal Open 2020"]
[Site "Lisboa POR"]
[Date "2020.01.25"]
[Round "1.65"]
[White "Correia, Pedro Mourão"]
[Black "Santos, António P"]
[Result "0-1"]
[WhiteElo "1542"]
[BlackElo "2152"]
[WhiteFideId "1959522"]
[BlackFideId "1900161"]
[BlackTitle "FM"]
[WhiteCountry "POR"]
[BlackCountry "POR"]
[PlyCount "50"]
[EventDate "2020.01.25"]

1. e4 c5 2. Nf3 d6 3. Bb5+ Nd7 4. O-O Ngf6 5. Re1 a6 6. Bf1 e6 7. a4 b6 8. d4
cxd4 9. Nxd4 Bb7 10. Bd3 Be7 11. Bg5 O-O 12. Nd2 Rc8 13. Re3 Rc5 14. Rg3 g6 15.
b4 Re5 16. N4f3 Rxe4 17. Nxe4 Bxe4 18. Bxe4 Nxe4 19. Bxe7 Qxe7 20. Rh3 d5 21.
Qd4 Rc8 22. Qe3 Qxb4 23. Qh6 Ndf6 24. Ne1 Qd4 25. Qc1 Qxf2+ 0-1

[Event "Portugal Open 2020"]
[Site "Lisboa POR"]
[Date "2020.01.25"]
[Round "1.66"]
[White "Garcia Dorado, Alberto"]
[Black "Almeida, José António"]
[Result "1-0"]
[WhiteElo "2152"]
[BlackElo "1538"]
[WhiteFideId "2252244"]
[BlackFideId "1958143"]
[WhiteTitle "CM"]
[WhiteCountry "ESP"]
[BlackCountry "POR"]
[PlyCount "49"]
[EventDate "2020.01.25"]

1. d4 d5 2. c4 e6 3. Nf3 Nf6 4. g3 Bb4+ 5. Bd2 Bxd2+ 6. Nbxd2 O-O 7. Qc2 c6 8.
Bg2 Nbd7 9. O-O Qc7 10. e4 dxe4 11. Nxe4 Nxe4 12. Qxe4 Nf6 13. Qe5 Qe7 14. Rfe1
Re8 15. Qe3 b6 16. Ne5 Bb7 17. Nxc6 Qc7 18. Ne5 Rac8 19. Rac1 Bxg2 20. Kxg2 Qb7+
21. Qf3 Qxf3+ 22. Kxf3 Red8 23. Ke3 Kf8 24. b4 Ke8 25. b5 1-0

[Event "Portugal Open 2020"]
[Site "Lisboa POR"]
[Date "2020.01.25"]
[Round "1.67"]
[White "Ferreira, Miguel Limão"]
[Black "Borges, Guilherme Deola"]
[Result "0-1"]
[WhiteElo "1530"]
[BlackElo "2134"]
[WhiteFideId "1952137"]
[BlackFideId "2109085"]
[WhiteCountry "POR"]
[BlackCountry "BRA"]
[PlyCount "114"]
[EventDate "2020.01.25"]

1. e4 c5 2. Nf3 e6 3. d4 cxd4 4. Nxd4 a6 5. Nc3 Qc7 6. Be2 Nf6 7. a3 b5 8. Bd2
Bb7 9. f3 Bc5 10. Nb3 Ba7 11. Bd3 d5 12. exd5 Nxd5 13. Qe2 Nd7 14. Nxd5 Bxd5 15.
Be3 O-O 16. Bxa7 Qxa7 17. Nd2 Nc5 18. Be4 Nxe4 19. Nxe4 Qd4 20. Nc3 b4 21. Rd1
Qh4+ 22. g3 Qf6 23. Nxd5 exd5 24. Kf2 Qxb2 25. axb4 Rac8 26. Rd2 Qxb4 27. Rxd5
Rfe8 28. Qd3 Qb2 29. Rd1 Rxc2+ 30. Rd2 Rxd2+ 31. Qxd2 Qxd2+ 32. Rxd2 a5 33. Rd4
Kf8 34. f4 Ra8 35. Ra4 h5 36. Ke3 Ke7 37. Ke4 Kd6 38. Kd4 Kc6 39. Kc4 g6 40. h3
Ra7 41. g4 h4 42. Ra3 a4 43. Kb4 Kd5 44. Kb5 Rb7+ 45. Ka5 Rb3 46. Rxa4 Rxh3 47.
Rb4 Rf3 48. Rb5+ Ke4 49. Rb4+ Ke3 50. f5 gxf5 51. g5 h3 52. Rh4 Kf2 53. Rh7 Kg2
54. Rxf7 h2 55. g6 h1=Q 56. g7 Qe1+ 57. Kb5 Qe8+ 0-1

[Event "Portugal Open 2020"]
[Site "Lisboa POR"]
[Date "2020.01.25"]
[Round "1.68"]
[White "Correia, Mário"]
[Black "Cavadas, José"]
[Result "1-0"]
[WhiteElo "2133"]
[BlackElo "1529"]
[WhiteFideId "1900927"]
[BlackFideId "1904990"]
[WhiteCountry "POR"]
[BlackCountry "POR"]
[PlyCount "49"]
[EventDate "2020.01.25"]

1. d4 d5 2. c4 e6 3. g3 Nf6 4. Bg2 c6 5. Qc2 Be7 6. Nf3 Nbd7 7. O-O Ne4 8. cxd5
cxd5 9. Bf4 O-O 10. Nc3 Nxc3 11. Qxc3 Nf6 12. Ne5 a5 13. Rac1 Bb4 14. Qc2 Bd7
15. a3 Rc8 16. Qb3 Be7 17. Rxc8 Qxc8 18. Rc1 Bc6 19. Nxc6 bxc6 20. Qb6 c5 21.
dxc5 Nd7 22. Qxa5 Bxc5 23. b4 Bb6 24. Rxc8 Bxa5 25. Rxf8+ 1-0

[Event "Portugal Open 2020"]
[Site "Lisboa POR"]
[Date "2020.01.25"]
[Round "1.69"]
[White "Silva, Gonçalo"]
[Black "Kurylski, Leonardo"]
[Result "1-0"]
[WhiteElo "2133"]
[BlackElo "1980"]
[WhiteFideId "1915100"]
[BlackFideId "1928988"]
[WhiteCountry "POR"]
[BlackCountry "POR"]
[PlyCount "49"]
[EventDate "2020.01.25"]

1. e4 d5 2. exd5 Qxd5 3. d4 Nf6 4. c4 Qa5+ 5. Bd2 Qb6 6. c5 Qe6+ 7. Be2 b6 8.
Nf3 Ba6 9. Nc3 Bxe2 10. Nxe2 Nd5 11. O-O Nc6 12. cxb6 cxb6 13. Rc1 Qd7 14. Qa4
Ne5 15. Qb3 Nxf3+ 16. Qxf3 e6 17. Nf4 Be7 18. Nxd5 exd5 19. Qg3 O-O 20. Rc7 Qd8
21. Bf4 Bf6 22. Qd3 Re8 23. f3 Bg5 24. Qf5 Qf6 25. Qxg5 1-0

[Event "Portugal Open 2020"]
[Site "Lisboa POR"]
[Date "2020.01.25"]
[Round "1.70"]
[White "Röttgen, Jürgen"]
[Black "Gaudin, Bruno"]
[Result "1-0"]
[WhiteElo "2131"]
[BlackElo "1515"]
[WhiteFideId "4629868"]
[BlackFideId "647861"]
[WhiteCountry "GER"]
[BlackCountry "FRA"]
[PlyCount "86"]
[EventDate "2020.01.25"]

1. Nf3 d6 2. c4 Nf6 3. Nc3 e5 4. g3 Be7 5. Bg2 c6 6. O-O O-O 7. e4 Ne8 8. d4
exd4 9. Nxd4 Nd7 10. b3 Nc5 11. Qc2 Ne6 12. Nf5 Bf6 13. Rd1 g6 14. Ne3 Nd4 15.
Qd2 Bh3 16. Bb2 Bxg2 17. Kxg2 Ne6 18. Ng4 Bg7 19. f4 f5 20. Ne3 Qc7 21. exf5
gxf5 22. Qd3 Qf7 23. Rd2 Qg6 24. Rf1 Nc5 25. Qc2 Rd8 26. b4 Ne4 27. Nxe4 fxe4
28. f5 Qg5 29. Rf4 h5 30. Rxe4 Nf6 31. h4 Qh6 32. Re6 Rfe8 33. Bxf6 Bxf6 34. Qe4
Qf8 35. Re2 Be5 36. c5 Qf7 37. Rg6+ Bg7 38. Qf3 d5 39. Qxh5 d4 40. f6 Rxe3 41.
Rxe3 Qxa2+ 42. Re2 Qd5+ 43. Qxd5+ cxd5 1-0

[Event "Portugal Open 2020"]
[Site "Lisboa POR"]
[Date "2020.01.25"]
[Round "1.71"]
[White "Abdurramane, Dánial"]
[Black "Pires, Emanuel"]
[Result "0-1"]
[WhiteElo "1499"]
[BlackElo "2112"]
[WhiteFideId "1962523"]
[BlackFideId "1914715"]
[WhiteCountry "POR"]
[BlackCountry "POR"]
[PlyCount "70"]
[EventDate "2020.01.25"]

1. d4 Nf6 2. Nf3 d5 3. e3 Nc6 4. Bd3 Bg4 5. Nbd2 e5 6. dxe5 Nxe5 7. h3 Nxd3+ 8.
cxd3 Bf5 9. Qa4+ c6 10. e4 dxe4 11. dxe4 Bg6 12. O-O Be7 13. Re1 O-O 14. b4 Nd7
15. Bb2 a5 16. b5 Nc5 17. Qd4 Qxd4 18. Bxd4 cxb5 19. Reb1 b4 20. a3 Ne6 21. Be3
Bf6 22. Ra2 Bc3 23. Nh4 b5 24. Nxg6 hxg6 25. Nb3 bxa3 26. Rxa3 Rfc8 27. Kf1 Rc4
28. Nd2 Bxd2 29. Bxd2 Ra4 30. Rxa4 bxa4 31. Rb5 a3 32. Rb3 Rd8 33. Bc3 a2 34.
Ra3 Rd3 35. g3 Rxc3 0-1

[Event "Portugal Open 2020"]
[Site "Lisboa POR"]
[Date "2020.01.25"]
[Round "1.72"]
[White "Ferreira, Hugo"]
[Black "Vera Cruz, Aguinaldo"]
[Result "1-0"]
[WhiteElo "2109"]
[BlackElo "1498"]
[WhiteFideId "1915940"]
[BlackFideId "23600250"]
[WhiteCountry "POR"]
[BlackCountry "CPV"]
[PlyCount "63"]
[EventDate "2020.01.25"]

1. d4 d5 2. Bf4 Nf6 3. e3 a6 4. c4 c6 5. Nc3 Bf5 6. Nf3 h6 7. Be2 e6 8. Ne5 Nbd7
9. Qb3 Qc8 10. Rc1 Nxe5 11. Bxe5 dxc4 12. Bxc4 Nd7 13. Bg3 b5 14. Be2 Qd8 15.
O-O Be7 16. Rfd1 O-O 17. Bf3 Rc8 18. Ne2 Qb6 19. e4 Bg6 20. Nf4 Kh7 21. Nxg6
Kxg6 22. d5 cxd5 23. exd5 Rxc1 24. Rxc1 Kh7 25. Bc7 Rc8 26. Qc2+ f5 27. Bxb6
Rxc2 28. Rxc2 Nxb6 29. dxe6 Nc4 30. b3 Ne5 31. Rc7 Bd6 32. e7 1-0

[Event "Portugal Open 2020"]
[Site "Lisboa POR"]
[Date "2020.01.25"]
[Round "1.73"]
[White "Palhas, Miguel Brando"]
[Black "Türk, Philipp"]
[Result "0-1"]
[WhiteElo "1490"]
[BlackElo "2106"]
[WhiteFideId "1961349"]
[BlackFideId "4628152"]
[WhiteCountry "POR"]
[BlackCountry "GER"]
[PlyCount "60"]
[EventDate "2020.01.25"]

1. e4 e6 2. d4 d5 3. Nd2 Nf6 4. e5 Nfd7 5. Bd3 c5 6. c3 Nc6 7. Ne2 cxd4 8. cxd4
f6 9. exf6 Nxf6 10. Nf3 Bd6 11. O-O Qc7 12. Ng3 O-O 13. Re1 Bd7 14. a3 Bf4 15.
Ne5 Bxc1 16. Rxc1 Qb6 17. Nh5 Be8 18. Nxf6+ Rxf6 19. Ng4 Rf4 20. g3 Rxd4 21.
Rxe6 Bd7 22. Nf6+ gxf6 23. Rxf6 Qxb2 24. Rb1 Rxd3 25. Qxd3 Qxf6 26. Rxb7 Qf5 27.
Qd2 Rb8 28. Rxb8+ Nxb8 29. Qb4 Nc6 30. Qb7 d4 0-1

[Event "Portugal Open 2020"]
[Site "Lisboa POR"]
[Date "2020.01.25"]
[Round "1.74"]
[White "Fernandes, Ricardo Paulos"]
[Black "Correia, Mário Lino"]
[Result "1-0"]
[WhiteElo "2100"]
[BlackElo "1453"]
[WhiteFideId "1943464"]
[BlackFideId "1967517"]
[WhiteCountry "POR"]
[BlackCountry "POR"]
[PlyCount "45"]
[EventDate "2020.01.25"]

1. Nf3 d5 2. b3 Nf6 3. Bb2 g6 4. e3 Bg7 5. Be2 O-O 6. O-O c6 7. d3 Nbd7 8. Nbd2
Qc7 9. Re1 e5 10. e4 d4 11. Bf1 c5 12. a4 b6 13. g3 Nb8 14. Bg2 Bg4 15. h3 Bxf3
16. Nxf3 Nc6 17. Bc1 h6 18. Nh2 Qe7 19. f4 exf4 20. gxf4 Nh7 21. Bd2 f5 22. exf5
Qd6 23. Re6 1-0

[Event "Portugal Open 2020"]
[Site "Lisboa POR"]
[Date "2020.01.25"]
[Round "1.75"]
[White "Corrie, Michael"]
[Black "Fernandes, João Pedro"]
[Result "0-1"]
[WhiteElo "1423"]
[BlackElo "2099"]
[WhiteFideId "2631067"]
[BlackFideId "1926624"]
[WhiteCountry "CAN"]
[BlackCountry "POR"]
[PlyCount "72"]
[EventDate "2020.01.25"]

1. d4 Nf6 2. Bf4 d6 3. e3 Nbd7 4. Nf3 g6 5. Nc3 Bg7 6. Be2 O-O 7. h4 Re8 8. Ng5
e5 9. dxe5 dxe5 10. Bg3 h6 11. Nge4 Nxe4 12. Nxe4 Nf6 13. Qxd8 Rxd8 14. Nxf6+
Bxf6 15. e4 Be6 16. Bd3 c5 17. b3 a6 18. O-O b5 19. Rad1 Bg7 20. Be2 f5 21. f3
c4 22. b4 Rxd1 23. Rxd1 a5 24. a3 axb4 25. axb4 Ra2 26. Rd8+ Kf7 27. Bd1 Bf6 28.
Rd2 Rb2 29. Be1 Rxb4 30. g3 Rb1 31. Kf2 c3 32. Rd3 Bc4 33. Rxc3 Rxd1 34. Ra3 Be7
35. Ra7 Ke8 36. exf5 Bc5+ 0-1

[Event "Portugal Open 2020"]
[Site "Lisboa POR"]
[Date "2020.01.25"]
[Round "1.76"]
[White "Chennaoui, Yasin"]
[Black "Costa, Raul"]
[Result "1-0"]
[WhiteElo "2093"]
[BlackElo "1420"]
[WhiteFideId "1330667"]
[BlackFideId "1956868"]
[WhiteCountry "SUI"]
[BlackCountry "POR"]
[PlyCount "51"]
[EventDate "2020.01.25"]

1. d4 Nf6 2. Nf3 Nc6 3. Bf4 Nh5 4. Be3 e6 5. g3 Be7 6. Bg2 d5 7. O-O Bd7 8. c4
dxc4 9. Ne5 Nxe5 10. dxe5 f5 11. Bxb7 Rb8 12. Bf3 g6 13. Qc2 Bb5 14. Bxa7 Ra8
15. Rd1 Qc8 16. Nc3 Rxa7 17. Nxb5 Ra6 18. Qxc4 O-O 19. Nxc7 Ng7 20. Qxa6 Qxc7
21. Qb7 Qxb7 22. Bxb7 Rb8 23. Rd7 Kf8 24. Rc1 h6 25. Rcc7 Rd8 26. Rxe7 1-0

[Event "Portugal Open 2020"]
[Site "Lisboa POR"]
[Date "2020.01.25"]
[Round "1.77"]
[White "Heid, Magdalene"]
[Black "Fernandes, Alberto"]
[Result "0-1"]
[WhiteElo "1414"]
[BlackElo "2092"]
[WhiteFideId "16276957"]
[BlackFideId "1900277"]
[BlackTitle "NM"]
[WhiteCountry "GER"]
[BlackCountry "POR"]
[PlyCount "78"]
[EventDate "2020.01.25"]

1. e4 e5 2. Nf3 Nc6 3. Bc4 Bc5 4. d3 Nf6 5. Nc3 d6 6. h3 h6 7. O-O O-O 8. a3 Ne7
9. Na4 Ng6 10. b4 Bb6 11. Nxb6 axb6 12. Ne1 d5 13. exd5 Nxd5 14. Bxd5 Qxd5 15.
Qf3 Qd6 16. Bb2 Bd7 17. d4 exd4 18. Nd3 c5 19. bxc5 bxc5 20. Qg3 Qxg3 21. fxg3
b6 22. Bc1 Ba4 23. Rf2 Rfe8 24. Nf4 Re1+ 25. Rf1 Rxf1+ 26. Kxf1 Bxc2 27. Nxg6
Bxg6 28. Bf4 Ra4 29. Bc7 b5 30. Bd6 Rc4 31. Re1 d3 32. Re8+ Kh7 33. Rd8 Rd4 34.
Be7 Rc4 35. Bf8 Rc1+ 36. Kf2 c4 37. Bb4 c3 38. Ke3 d2 39. Ke2 Re1+ 0-1

[Event "Portugal Open 2020"]
[Site "Lisboa POR"]
[Date "2020.01.25"]
[Round "1.78"]
[White "Marzano, Carlo"]
[Black "Mões Joaquim, Carlos"]
[Result "1-0"]
[WhiteElo "2078"]
[BlackElo "1396"]
[WhiteFideId "802980"]
[BlackFideId "1928104"]
[WhiteCountry "ITA"]
[BlackCountry "CPV"]
[PlyCount "73"]
[EventDate "2020.01.25"]

1. d4 d5 2. c4 Nf6 3. cxd5 Qxd5 4. Nc3 Qd8 5. e4 e6 6. Nf3 Be7 7. Bd3 c6 8. O-O
b6 9. Qe2 a5 10. Rd1 Qc7 11. Bg5 Ba6 12. Rac1 O-O 13. Bxa6 Nxa6 14. e5 Ne8 15.
Bxe7 Qxe7 16. Ne4 Qb7 17. a3 Rd8 18. Rd3 Nb8 19. Nfg5 Rd7 20. Nxh7 f6 21. Nxf8
Kxf8 22. Rcd1 Na6 23. Rh3 Nec7 24. Rh8+ Ke7 25. Rh7 f5 26. Ng5 Kd8 27. Qc4 b5
28. Nxe6+ Kc8 29. Qa2 Rd5 30. Nf4 Rd8 31. Qf7 Qb6 32. Qxf5+ Kb8 33. Qe4 g5 34.
Ne2 Ne6 35. d5 Nac7 36. d6 Ka7 37. Nc3 1-0

[Event "Portugal Open 2020"]
[Site "Lisboa POR"]
[Date "2020.01.25"]
[Round "1.79"]
[White "Tacuchian, Marcelo"]
[Black "Fidalgo, Daniel"]
[Result "0-1"]
[WhiteElo "1363"]
[BlackElo "2076"]
[WhiteFideId "1964208"]
[BlackFideId "1934279"]
[WhiteCountry "BRA"]
[BlackCountry "POR"]
[PlyCount "64"]
[EventDate "2020.01.25"]

1. c4 c5 2. Nc3 g6 3. e4 Bg7 4. Nf3 Nc6 5. d3 d6 6. Be2 e6 7. Bg5 Nge7 8. O-O h6
9. Bh4 O-O 10. a3 g5 11. Bg3 f5 12. h4 f4 13. Bh2 g4 14. Nd2 h5 15. Bxg4 hxg4
16. Qxg4 Ne5 17. Qe2 N7c6 18. Nf3 Nxf3+ 19. Qxf3 Qxh4 20. Qd1 Ne5 21. f3 Rf6 22.
Qe1 Qg5 23. Qd2 Bd7 24. Ne2 Raf8 25. Rac1 Nc6 26. b4 Rg6 27. g3 fxg3 28. Qxg5
gxh2+ 29. Kxh2 Rxg5 30. f4 Rh5+ 31. Kg3 Nd4 32. Nc3 Rf6 0-1

[Event "Portugal Open 2020"]
[Site "Lisboa POR"]
[Date "2020.01.25"]
[Round "1.80"]
[White "Pastor Alonso De Prado, Alberto"]
[Black "Maissa, Susana"]
[Result "1-0"]
[WhiteElo "2074"]
[BlackElo "1361"]
[WhiteFideId "2255740"]
[BlackFideId "1954202"]
[WhiteCountry "ESP"]
[BlackCountry "POR"]
[PlyCount "59"]
[EventDate "2020.01.25"]

1. e4 d5 2. exd5 Qxd5 3. Nc3 Qd6 4. d4 Nf6 5. Nf3 c6 6. g3 Bf5 7. Bg2 e6 8. O-O
Be7 9. Bf4 Qd8 10. Ne5 Nbd7 11. Qe2 O-O 12. Rad1 Nd5 13. Bd2 Bxc2 14. Rc1 Bf5
15. g4 Bg6 16. f4 Nxe5 17. dxe5 h6 18. f5 exf5 19. gxf5 Bh7 20. Nxd5 cxd5 21. f6
Qb6+ 22. Kh1 gxf6 23. Bxd5 Bg6 24. Qg2 Kh7 25. Qh3 h5 26. Rf5 Kg7 27. exf6+ Bxf6
28. Rxf6 Qd4 29. Rxg6+ Kxg6 30. Rg1+ 1-0

[Event "Portugal Open 2020"]
[Site "Lisboa POR"]
[Date "2020.01.25"]
[Round "1.81"]
[White "Florissi, Aldo"]
[Black "Xu, Yang"]
[Result "0-1"]
[WhiteElo "1351"]
[BlackElo "2047"]
[WhiteFideId "28513428"]
[BlackFideId "8624780"]
[WhiteCountry "ITA"]
[BlackCountry "CHN"]
[PlyCount "70"]
[EventDate "2020.01.25"]

1. e4 c6 2. Nc3 d5 3. d4 dxe4 4. Nxe4 Nf6 5. Bd3 Qxd4 6. Nxf6+ gxf6 7. Nf3 Qc5
8. h3 Rg8 9. Rg1 Bf5 10. Bxf5 Qxf5 11. Bd2 Nd7 12. g4 Qe4+ 13. Be3 O-O-O 14. Nd2
Qa4 15. b3 Qa5 16. Qe2 e6 17. Kf1 Bc5 18. Nc4 Qc3 19. Rd1 Bxe3 20. Rg3 Nb6 21.
Rxe3 Qb4 22. Nxb6+ Qxb6 23. Re1 Qa5 24. c3 f5 25. b4 Qd5 26. f3 fxg4 27. hxg4
Rg5 28. Re4 Qd3 29. Kf2 Qxc3 30. f4 Rgd5 31. Qe3 Rd2+ 32. Kf1 R8d3 33. Qxa7 Rf3+
34. Kg1 Rg3+ 35. Kf1 Qf3+ 0-1

[Event "Portugal Open 2020"]
[Site "Lisboa POR"]
[Date "2020.01.25"]
[Round "1.82"]
[White "Maric, Boris"]
[Black "Fonseca, René Gil"]
[Result "1-0"]
[WhiteElo "2034"]
[BlackElo "1332"]
[WhiteFideId "16211367"]
[BlackFideId "1957767"]
[WhiteCountry "GER"]
[BlackCountry "POR"]
[PlyCount "75"]
[EventDate "2020.01.25"]

1. d4 Nf6 2. c4 e5 3. dxe5 Ng4 4. e4 Nxe5 5. f4 Nec6 6. Nf3 Bc5 7. Nc3 d6 8. Na4
O-O 9. Nxc5 dxc5 10. Be3 Qxd1+ 11. Rxd1 Na6 12. Bd3 Bg4 13. Kf2 Rfd8 14. Bb1 b6
15. e5 Ne7 16. Rxd8+ Rxd8 17. Nh4 Nb4 18. h3 Bc8 19. b3 Bb7 20. Rg1 Nd3+ 21. Ke2
Be4 22. g4 Nc6 23. Rd1 Nxf4+ 24. Bxf4 Rxd1 25. Bxe4 Rd4 26. Ke3 Ne7 27. Nf5
Nxf5+ 28. gxf5 Rd1 29. e6 Re1+ 30. Kd3 Rd1+ 31. Ke2 Rd4 32. Ke3 fxe6 33. fxe6
Kf8 34. Bxh7 Ke7 35. Bf5 g6 36. Bg5+ Ke8 37. Bxg6+ Kf8 38. e7+ 1-0

[Event "Portugal Open 2020"]
[Site "Lisboa POR"]
[Date "2020.01.25"]
[Round "1.83"]
[White "Martins, Domingos"]
[Black "Lopes, João Pedro"]
[Result "1/2-1/2"]
[WhiteElo "1332"]
[BlackElo "2030"]
[WhiteFideId "1947389"]
[BlackFideId "1902210"]
[WhiteCountry "POR"]
[BlackCountry "POR"]
[PlyCount "137"]
[EventDate "2020.01.25"]

1. d4 d5 2. Nc3 e6 3. Nf3 c5 4. Bf4 a6 5. e3 Nc6 6. Be2 Nf6 7. h3 cxd4 8. exd4
Bb4 9. O-O Bxc3 10. bxc3 Ne4 11. Qd3 O-O 12. Ne5 Nxe5 13. Bxe5 Qa5 14. Bh5 Nxc3
15. Qf3 Ne4 16. Qf4 f6 17. Bd6 Rd8 18. Bc7 Qa4 19. Bxd8 Bd7 20. Bb6 Rc8 21. f3
Nc3 22. Kh2 Qb4 23. Bc5 Qb5 24. Qd6 g6 25. Qg3 Kf7 26. Qd6 Re8 27. Bg4 h5 28.
Bb4 Na4 29. Rab1 Qc6 30. Qxc6 Bxc6 31. Bxh5 gxh5 32. g4 hxg4 33. fxg4 Bb5 34.
Rf2 Rg8 35. Rg1 Nb6 36. h4 Nc4 37. g5 f5 38. h5 Ne3 39. g6+ Kg7 40. Kh3 Ng4 41.
Rxg4 fxg4+ 42. Kxg4 Be8 43. Be7 Bxg6 44. hxg6 Kxg6 45. Bg5 Rc8 46. a3 Rc3 47.
Rf6+ Kg7 48. Rxe6 Rxc2 49. Re7+ Kg6 50. Re6+ Kf7 51. Re5 Ra2 52. Rxd5 Rxa3 53.
Rd7+ Ke6 54. Rxb7 Rd3 55. Rb6+ Kd5 56. Rxa6 Rxd4+ 57. Bf4 Kc4 58. Kf3 Rd8 59.
Ra4+ Kd3 60. Ra3+ Kd4 61. Be3+ Kc4 62. Ke2 Re8 63. Rd3 Ra8 64. Rd4+ Kc3 65. Rd2
Re8 66. Rd3+ Kc4 67. Kd2 Ra8 68. Rd4+ Kb5 69. Rd5+ 1/2-1/2

[Event "Portugal Open 2020"]
[Site "Lisboa POR"]
[Date "2020.01.25"]
[Round "1.84"]
[White "Sismeiro, Miguel"]
[Black "Lança, Luis"]
[Result "1-0"]
[WhiteElo "2026"]
[BlackElo "1281"]
[WhiteFideId "1950975"]
[BlackFideId "1936450"]
[WhiteCountry "POR"]
[BlackCountry "POR"]
[PlyCount "49"]
[EventDate "2020.01.25"]

1. e4 e5 2. Nf3 Nc6 3. Bb5 a6 4. Ba4 Nf6 5. O-O b5 6. Bb3 Be7 7. d3 d6 8. a4 Bb7
9. c3 O-O 10. Re1 Re8 11. Nbd2 Bf8 12. Nf1 g6 13. Ng3 Bg7 14. h3 h6 15. Nh2 Qd7
16. Rf1 Na5 17. Bc2 Rf8 18. b4 Nc6 19. Bb3 Nd8 20. f4 Kh7 21. f5 Qe7 22. Ng4 g5
23. Nxf6+ Bxf6 24. Qh5 Bg7 25. f6 1-0

[Event "Portugal Open 2020"]
[Site "Lisboa POR"]
[Date "2020.01.25"]
[Round "1.85"]
[White "Costa, Fábio"]
[Black "Maloberti, David"]
[Result "0-1"]
[WhiteElo "1258"]
[BlackElo "2017"]
[WhiteFideId "1961063"]
[BlackFideId "620149"]
[WhiteCountry "POR"]
[BlackCountry "FRA"]
[PlyCount "54"]
[EventDate "2020.01.25"]

1. e4 e6 2. d4 d5 3. Nd2 c5 4. exd5 exd5 5. Ngf3 Bd6 6. Bd3 c4 7. Be2 Nf6 8. O-O
O-O 9. c3 Bf5 10. b3 Ne4 11. Nxe4 dxe4 12. Nd2 cxb3 13. Qxb3 Qc7 14. h3 Nc6 15.
Ba3 Bh2+ 16. Kh1 Rfe8 17. Bc4 Bf4 18. Qb2 Qd7 19. g3 Bxd2 20. Qxd2 Bxh3 21. Rfe1
Ne5 22. Be2 Nf3 23. Qf4 g5 24. Qe3 Qg4 25. Bxf3 exf3 26. Qd2 Bg2+ 27. Kg1 Qh5
0-1

[Event "Portugal Open 2020"]
[Site "Lisboa POR"]
[Date "2020.01.25"]
[Round "1.86"]
[White "Cordeiro, João"]
[Black "Artozqui Irurzun, Ernesto"]
[Result "1-0"]
[WhiteElo "2005"]
[BlackElo "1241"]
[WhiteFideId "1935291"]
[BlackFideId "54581826"]
[WhiteCountry "POR"]
[BlackCountry "ESP"]
[PlyCount "43"]
[EventDate "2020.01.25"]

1. d4 d5 2. Nf3 Nf6 3. g3 e6 4. Bg2 c5 5. dxc5 Bxc5 6. O-O Nc6 7. a3 a5 8. c4 h6
9. cxd5 Qxd5 10. Qc2 Ba7 11. Nc3 Qd8 12. Rd1 Qe7 13. Nb5 O-O 14. Nxa7 Rxa7 15.
Be3 Ra8 16. Bc5 Qe8 17. Bxf8 Qxf8 18. Nd4 Nxd4 19. Rxd4 Rb8 20. Rad1 Qe7 21.
Rd8+ Ne8 22. Rxc8 1-0

[Event "Portugal Open 2020"]
[Site "Lisboa POR"]
[Date "2020.01.25"]
[Round "1.87"]
[White "Rosa, José"]
[Black "Casagrande, Federico"]
[Result "0-1"]
[WhiteElo "1224"]
[BlackElo "1999"]
[WhiteFideId "1961977"]
[BlackFideId "2827137"]
[WhiteCountry "POR"]
[BlackCountry "ITA"]
[PlyCount "38"]
[EventDate "2020.01.25"]

1. e4 c6 2. d4 d5 3. e5 c5 4. c3 Nc6 5. Nf3 Bg4 6. Be2 e6 7. h3 Bh5 8. Bf4 Bxf3
9. Bxf3 cxd4 10. Qb3 Qb6 11. Bxd5 exd5 12. Qxd5 Nge7 13. Qb3 Qxb3 14. axb3 Ng6
15. Bg3 Bc5 16. b4 Bb6 17. f4 O-O 18. Nd2 Rfe8 19. O-O dxc3+ 0-1

[Event "Portugal Open 2020"]
[Site "Lisboa POR"]
[Date "2020.01.25"]
[Round "1.88"]
[White "Martins, Diogo"]
[Black "Bártolo, Diogo"]
[Result "1-0"]
[WhiteElo "1998"]
[BlackElo "1216"]
[WhiteFideId "1926934"]
[BlackFideId "1946757"]
[WhiteCountry "POR"]
[BlackCountry "POR"]
[PlyCount "61"]
[EventDate "2020.01.25"]

1. e4 e5 2. Bc4 Nc6 3. Nf3 Nf6 4. Ng5 d5 5. exd5 Nd4 6. c3 b5 7. cxd4 bxc4 8.
dxe5 Nxd5 9. Nf3 Bd7 10. O-O Bc5 11. Nc3 Nf4 12. d4 Nxg2 13. dxc5 Bh3 14. Qxd8+
Rxd8 15. Ng5 Ne3 16. Bxe3 Bxf1 17. Kxf1 O-O 18. e6 Rb8 19. exf7+ Kh8 20. c6 h6
21. Bxa7 Ra8 22. Bc5 hxg5 23. Bxf8 Rxf8 24. Rd1 Rxf7 25. Rd7 Kg8 26. Nd5 Kf8 27.
Rxf7+ Kxf7 28. Nxc7 Ke7 29. Nd5+ Kd6 30. c7 Kd7 31. a4 1-0

[Event "Portugal Open 2020"]
[Site "Lisboa POR"]
[Date "2020.01.25"]
[Round "1.89"]
[White "Antunes, Ana"]
[Black "Botelho, Luís"]
[Result "0-1"]
[WhiteElo "1215"]
[BlackElo "1987"]
[WhiteFideId "1936310"]
[BlackFideId "1904981"]
[WhiteCountry "POR"]
[BlackCountry "POR"]
[PlyCount "56"]
[EventDate "2020.01.25"]

1. e4 c5 2. Nf3 g6 3. d4 cxd4 4. Nxd4 Nc6 5. Be3 Nf6 6. Nc3 Bg7 7. Bc4 Qa5 8.
O-O O-O 9. h3 d6 10. Kh1 Bd7 11. f4 Nh5 12. Nce2 Qb4 13. Qd3 Nxd4 14. Bxd4 Bxd4
15. Qxd4 Be6 16. b3 Bxc4 17. c3 Qc5 18. bxc4 Rfc8 19. Rab1 Qxc4 20. Rb4 Qxe2 21.
Rg1 Ng3+ 22. Kh2 Nf1+ 23. Kh1 Rc5 24. Rb1 Ng3+ 25. Kh2 Nh5 26. Rxb7 Nxf4 27.
Rxe7 Rg5 28. Qd1 Rxg2+ 0-1